00218nam a2200085 4500082001200000100001700012245005300029260004200082300000800124 a547 HAM aPeter Hamlet aIntroductory organic and biochemistry a new View alondopnbD.C.Health and Companyc1975 a375